Регионална библиотека "Любен Каравелов" - Русе

Художествено оформяване на тъканите (Запис номер 115262)

MARC детайли
000 -Лидер
Контролно поле с фиксирана дължина 01350nam a2200325 c 4500
003 - Код на организацията, давaща контролен номер
Контролно поле BLK
005 - Дата и час на последна редакция
Контролно поле 20180420231041.0
008 - Елементи от данни с фиксирана дължина
fixed length control field 180409b bul|||||r ||||||| ||bul||
010 ## - Наследен системен номер
LC control number KNG00120739000
040 ## - Източник на каталожния запис
Идентификатор на билиотеката - собственик на записа BLK
041 ## - Код за език
Код за езика на текст/звукозапис или на отделно заглавие Български
Код за езика КДБФ Български
080 ## - УДК
Текстов определител УДК Художествено изработени тъкани, гоблени, килими и покривки
УДК код - определител по УДК 745.522
УДК определител
УДК - код + определител 745.522
100 1# - Редна дума - Автор
Автор Овчаров, Ангел В.
Авторска отговорност първи автор
R(LIN) 314016
139 ## - Редно поле
Редна дума Овчаров, Ангел В. и др.
Авторски знак Овц - О 33
245 10 - Сведения за заглавието
Заглавие Художествено оформяване на тъканите
Редно поле (дума) Ангел В. Овчаров; съавт. Васил А. Овчаров.
257 ## - Страна на издаване
Страна на създаване/издаване България
260 ## - Област на издателските данни
-- София
Име на издателя, разпространителя и проч. Техника
Година на издаване 1966
300 ## - Физическа характеристика
Страници 102 с., 23 л.
Илюстрации и др. ил.
Размери/Мащаб 28 см
380 ## - Жанр
Жанр Изкуство
500 ## - Общи забележки
Забележка Библиогр. с. 100
650 #4 - Допълнително описание по предмет – тема
Основно описание – тема или топоним Текстил - художествено обработване
9 (RLIN) 279098
653 ## - Ключова дума – ненормативна
Ключова дума теория за цвета
653 ## - Ключова дума – ненормативна
Ключова дума текстилна рисунка
700 1# - Други автори (авторска отговорност)
Лично име Овчаров, Васил А.
Автороска отговорност (Описва отношението между автора и произведението) съавт.
9 (RLIN) 314017
852 ## - Местоположение
Форматна сигнатура Цб ІІ 2949
856 4# - Електронен адрес и достъп
Електронен формат pdf - файл
Път до файла /url/
856 4# - Електронен адрес и достъп
Електронен формат pdf - файл
Път до файла /url/
942 ## - АРТИКУЛИ
Вид на библиотечния материал Книги
Скрит в OPAC Не
944 ## - СЪЗДАВАНЕ И РЕДАКЦИЯ на ЗАПИСА
Създаване/Редакция Създаване
Дата на регистрацията/редакция 12.01.2011
Статус, дата на статуса добави в АБ / 11.01.2011
Служител, извършил регистрацията/редакцията Наталия_Любомирова
944 ## - СЪЗДАВАНЕ И РЕДАКЦИЯ на ЗАПИСА
Създаване/Редакция Редакция
Дата на регистрацията/редакция 24.01.2015
Статус, дата на статуса добави в АБ / 11.01.2011
Служител, извършил регистрацията/редакцията Ирена_Линкова
999 ## - СИСТЕМНИ КОНТРОЛНИ НОМЕРА
Koha biblionumber 115262
Koha biblioitemnumber 115262
Наличности
Код за отписване Код за изгубен артикул Източник на класификационната схема Код за повреда Коз за рестрикции Код за отдаване Артикулен № Име на библиотеката - собственик Име на библиотеката, в която се намира в момента Статус (Текущо местоположение) Дата на вписване в системата Местоположение - отдел Цена в лева Инвентарен номер Систематично азбучна сигнатура Баркод Номер на екземпляра Цена в евро Служебна бележка Служебен тип на артикула
Изтеглен Не е изгубен Universal Decimal Classification Не е повреден без рестрикции заемане за дома 185096 Регионална библиотека "Любен Каравелов" Русе Регионална библиотека "Любен Каравелов" Русе Отдел Изкуство - подръчен фонд 1966-01-01 Отдел Изкуство - подръчен фонд 2.89 1219/67 745/О 33 1219/67 1 1.48 N: стар фонд Дата: 01.01.1966 Дата инв: 07.06.2012 Бележки инв: * Книги
  Не е изгубен Universal Decimal Classification Не е повреден само за читалня ползва се в читалня 756113 Регионална библиотека "Любен Каравелов" Русе Регионална библиотека "Любен Каравелов" Русе Хранилище 2020-03-04 Основен фонд - ползва се само за читалня 2.89 389/67 Цб ІІ 2949 900000037210   1.48   Книги
Vip Innovations Ltd, Rousse, Bulgaria 2025